[Event "Team Russia"]
[Site "Petergof"]
[Date "2015.08.03"]
[Round "3.38"]
[White "German, Nikita"]
[Black "Mikhailovsky, Vladimir"]
[Result "1/2-1/2"]
[WhiteElo "1987"]
[BlackElo "2231"]
[PlyCount "95"]
[EventDate "2015.08.??"]
[EventType "team-swiss"]

1. e4 e5 2. Nf3 Nc6 3. Bb5 Nf6 4. O-O Nxe4 5. d4 Nd6 6. Bxc6 dxc6 7. dxe5 Nf5
8. Qxd8+ Kxd8 9. Nc3 Ke8 10. h3 h5 11. Rd1 Be7 12. Bf4 Be6 13. Ng5 Rh6 14. Nce4
b6 15. b3 Rd8 16. Rxd8+ Bxd8 17. Rd1 Be7 18. c4 Bc8 19. e6 Bxe6 20. Nf3 Rh8 21.
Bxc7 f6 22. Bb8 a6 23. Nd6+ Nxd6 24. Bxd6 Kf7 25. Bc7 b5 26. Nd4 bxc4 27. bxc4
Rc8 28. Nxe6 Kxe6 29. Bb6 Rb8 30. c5 Rb7 31. Rd4 Rd7 32. Re4+ Kd5 33. Re1 Kc4
34. Re4+ Kd5 35. Re1 f5 36. Rd1+ Ke6 37. Re1+ Kf6 38. Re3 Rd1+ 39. Kh2 Rc1 40.
Ra3 Bxc5 41. Bxc5 Rxc5 42. Rxa6 h4 43. g3 hxg3+ 44. Kxg3 Rc3+ 45. Kg2 g5 46. a4
Ke5 47. a5 c5 48. Ra8 1/2-1/2

[Event "Team Russia"]
[Site "Petergof"]
[Date "2015.08.03"]
[Round "3.39"]
[White "Aleksandrovskiy, Dmitriy"]
[Black "Antonian, Grant"]
[Result "1/2-1/2"]
[WhiteElo "2207"]
[BlackElo "1869"]
[PlyCount "80"]
[EventDate "2015.08.??"]
[EventType "team-swiss"]

1. e4 e5 2. Nf3 Nc6 3. Bb5 a6 4. Bxc6 dxc6 5. O-O Ne7 6. Nxe5 Qd4 7. Qh5 g6 8.
Nf3 Qxe4 9. Qa5 Bg4 10. d3 Qd5 11. Qxc7 Bxf3 12. Nc3 Qd7 13. Qxd7+ Kxd7 14.
gxf3 Nf5 15. Be3 Re8 16. Ne4 Bg7 17. Kg2 Kc7 18. Bf4+ Be5 19. Bg3 Nxg3 20. hxg3
Bxb2 21. Rab1 Ba3 22. g4 f5 23. Ng3 fxg4 24. fxg4 h5 25. Ne4 hxg4 26. Rh1 Be7
27. Kg3 Rh5 28. Kxg4 Reh8 29. Rxh5 Rxh5 30. c4 b5 31. cxb5 axb5 32. Kf3 Rf5+
33. Ke2 g5 34. Rh1 b4 35. Rh7 Kd7 36. d4 Ra5 37. Nc5+ Ke8 38. Rh8+ Kf7 39. Rh7+
Ke8 40. Rh8+ Kf7 1/2-1/2

[Event "Team Russia"]
[Site "Petergof"]
[Date "2015.08.03"]
[Round "3.40"]
[White "Granovskaya, Ekaterina"]
[Black "Kruglikova, Viktorija"]
[Result "0-1"]
[WhiteElo "1626"]
[BlackElo "1944"]
[PlyCount "88"]
[EventDate "2015.08.??"]
[EventType "team-swiss"]

1. e4 c5 2. Nf3 a6 3. d4 cxd4 4. Nxd4 Nf6 5. f3 e5 6. Nb3 Bb4+ 7. Bd2 Be7 8. c4
Nc6 9. Nc3 d6 10. Be3 Be6 11. Be2 Rc8 12. a3 Nd7 13. Nd5 Nc5 14. Nxc5 dxc5 15.
O-O O-O 16. Rc1 Nd4 17. Bxd4 cxd4 18. b4 Bg5 19. Rc2 a5 20. f4 Bxd5 21. fxg5
Bxe4 22. Bd3 Qxg5 23. Bxe4 Qe3+ 24. Kh1 Qxe4 25. Re1 Qf5 26. c5 axb4 27. axb4
Rfe8 28. Rce2 h6 29. Re4 Ra8 30. Qe2 f6 31. h3 Rad8 32. Qd3 Qd7 33. Rg4 f5 34.
Rg6 e4 35. Qg3 Re6 36. Rxe6 Qxe6 37. Qc7 Rd7 38. Qc8+ Kh7 39. b5 d3 40. c6 bxc6
41. bxc6 Re7 42. Qa6 d2 43. Rf1 e3 44. Qb5 g6 0-1

[Event "Team Russia"]
[Site "Petergof"]
[Date "2015.08.03"]
[Round "3.41"]
[White "Gogin, Maksim"]
[Black "Zaozerskih, Sergey"]
[Result "1-0"]
[WhiteElo "2183"]
[BlackElo "1902"]
[PlyCount "53"]
[EventDate "2015.08.??"]
[EventType "team-swiss"]

1. d4 e6 2. Nf3 b6 3. c4 Bb7 4. g3 f5 5. Bg2 Nf6 6. O-O Be7 7. Nc3 O-O 8. d5
exd5 9. Nd4 Ne4 10. Nxd5 c6 11. Nxe7+ Qxe7 12. Qd3 d5 13. cxd5 cxd5 14. Bf4 g5
15. Bxb8 Raxb8 16. Rac1 Qd7 17. Rfd1 Rbc8 18. Rxc8 Qxc8 19. Qa3 a6 20. Bxe4
fxe4 21. Qe7 h6 22. Qd6 Rf7 23. Qxh6 Qd8 24. Qg6+ Rg7 25. Qxg7+ Kxg7 26. Ne6+
Kf7 27. Nxd8+ 1-0

[Event "Team Russia"]
[Site "Petergof"]
[Date "2015.08.03"]
[Round "3.42"]
[White "Bregman, Ilya"]
[Black "Zakharikov, Ivan"]
[Result "1/2-1/2"]
[WhiteElo "1695"]
[BlackElo "1971"]
[PlyCount "143"]
[EventDate "2015.08.??"]
[EventType "team-swiss"]

1. d4 Nf6 2. c4 g6 3. Nc3 d5 4. Bg5 Ne4 5. cxd5 Nxc3 6. bxc3 Qxd5 7. Nf3 Bg7 8.
h3 Qa5 9. Qd2 c5 10. e3 Nc6 11. Be2 h6 12. Bf4 O-O 13. O-O Rd8 14. Qc2 a6 15.
a4 cxd4 16. cxd4 g5 17. Bg3 Bf5 18. e4 Bh7 19. Rad1 Rac8 20. Qb3 Bxe4 21. Qxb7
Bxf3 22. Bxf3 Nxd4 23. Qxe7 Qxa4 24. Bg4 Ra8 25. Bd6 Qe8 26. f4 Qxe7 27. Bxe7
Re8 28. Bc5 Ne6 29. Bd6 gxf4 30. Bxf4 Rad8 31. Be3 Rxd1 32. Rxd1 Nc7 33. Bb6
Nb5 34. Rd7 Bf6 35. Bh5 Re7 36. Rd8+ Kg7 37. Ra8 Re6 38. Bc5 Bd4+ 39. Bxd4+
Nxd4 40. Ra7 Rf6 41. Bd1 Kg6 42. Rd7 Nb5 43. Be2 Kg7 44. Bd3 Rf4 45. Rb7 Rb4
46. Rb6 Rb3 47. Bf1 Rb1 48. Rxa6 Nd4 49. Ra2 Ne6 50. Rf2 Kg6 51. Kh2 Rd1 52.
Be2 Rd4 53. Bg4 h5 54. Bf5+ Kg7 55. g3 Ng5 56. h4 Ne6 57. Kh3 Rd5 58. Be4 Re5
59. Bd3 Nc5 60. Bc2 Nd7 61. Rf5 f6 62. Rf2 Nc5 63. Rf5 Nd7 64. Rf2 Nf8 65. Rd2
f5 66. Bd1 Kg6 67. Rd6+ Re6 68. Rxe6+ Nxe6 69. Kg2 f4 70. gxf4 Nxf4+ 71. Kg3
Nd5 72. Bxh5+ 1/2-1/2

[Event "Team Russia"]
[Site "Petergof"]
[Date "2015.08.03"]
[Round "3.43"]
[White "Skafar, Darya"]
[Black "Plaksin, Daniil"]
[Result "1-0"]
[WhiteElo "1974"]
[BlackElo "1627"]
[PlyCount "215"]
[EventDate "2015.08.??"]
[EventType "team-swiss"]

1. e4 c5 2. Nf3 Nc6 3. Bb5 e6 4. O-O Nge7 5. c3 a6 6. Ba4 b5 7. Bc2 Bb7 8. a4
d5 9. e5 d4 10. Qe2 b4 11. Re1 Nd5 12. g3 Be7 13. Be4 Qd7 14. cxd4 cxd4 15. d3
Rc8 16. Nbd2 Bc5 17. Nc4 Nb6 18. Nxb6 Bxb6 19. Bf4 h6 20. h4 Ke7 21. Nd2 Na5
22. Bxb7 Nxb7 23. Ne4 Bc5 24. Rec1 Qd5 25. a5 Ba7 26. Bd2 Qxe5 27. Bxb4+ Bc5
28. Qd2 Kd7 29. Bxc5 Nxc5 30. Nxc5+ Rxc5 31. Qb4 Rxc1+ 32. Rxc1 Rb8 33. Qc4 Qd6
34. b3 f6 35. b4 g5 36. hxg5 hxg5 37. Kf1 f5 38. Ke2 f4 39. gxf4 gxf4 40. Qc2
Qe5+ 41. Kd2 Qd6 42. Qa4+ Ke7 43. Rc6 Qe5 44. Qc2 f3 45. Kd1 Qg5 46. Qc5+ Qxc5
47. bxc5 Rb2 48. Rd6 Rxf2 49. Ke1 Re2+ 50. Kf1 Re5 51. Rxa6 Rxc5 52. Kf2 Rf5
53. Ra7+ Kd6 54. a6 Kc6 55. Re7 Kd6 56. a7 Rf8 57. Rb7 Ra8 58. Kxf3 Kc6 59. Re7
Kd6 60. Rh7 Ke5 61. Rh5+ Kd6 62. Ra5 Kc6 63. Ra6+ Kd5 64. Ra5+ Kc6 65. Ke4 Kb6
66. Re5 Rxa7 67. Rxe6+ Kc5 68. Re5+ Kd6 69. Rd5+ Ke6 70. Rxd4 Ra5 71. Rb4 Ra6
72. d4 Kd6 73. Rb5 Ke6 74. Rh5 Ke7 75. Ke5 Ra1 76. Rh7+ Ke8 77. d5 Kd8 78. Ke6
Re1+ 79. Kd6 Ke8 80. Rh8+ Kf7 81. Rh7+ Ke8 82. Rc7 Kd8 83. Rg7 Ke8 84. Rg6 Rc1
85. Rg8+ Kf7 86. Rb8 Re1 87. Rb7+ Ke8 88. Rc7 Re2 89. Rc8+ Kf7 90. Rc6 Ke8 91.
Kc7 Rd2 92. d6 Rd1 93. Rc5 Rd2 94. Re5+ Kf7 95. d7 Rc2+ 96. Kd6 Rd2+ 97. Kc6
Rc2+ 98. Kd6 Rd2+ 99. Kc7 Rc2+ 100. Kd8 Kf8 101. Re8+ Kf7 102. Re7+ Kf8 103.
Re6 Kf7 104. Re5 Kf8 105. Rf5+ Kg7 106. Ke7 Re2+ 107. Kd6 Rd2+ 108. Rd5 1-0

[Event "Team Russia"]
[Site "Petergof"]
[Date "2015.08.03"]
[Round "3.44"]
[White "Parsegyan, Kseniya"]
[Black "Solozhenkina, Elizaveta"]
[Result "0-1"]
[WhiteElo "1549"]
[BlackElo "2052"]
[PlyCount "98"]
[EventDate "2015.08.??"]
[EventType "team-swiss"]

1. d4 Nf6 2. c4 g6 3. Nc3 d5 4. Bg5 Ne4 5. cxd5 Nxg5 6. h4 Ne4 7. Nxe4 Qxd5 8.
Nc3 Qd8 9. h5 Bg7 10. e3 c5 11. Nf3 Bg4 12. Bb5+ Nd7 13. hxg6 hxg6 14. Rxh8+
Bxh8 15. dxc5 Qa5 16. Qd3 O-O-O 17. Bxd7+ Rxd7 18. Qc2 Qxc5 19. Rc1 Rc7 20. Qa4
Bd7 21. Qh4 Bf6 22. Qh7 b5 23. Qg8+ Kb7 24. Qxf7 Qh5 25. Kd2 Bc6 26. Ke2 b4 27.
Qb3 a5 28. a4 Bd5 29. Nxd5 Rxc1 30. Qd3 Rc5 31. Nf4 Qg4 32. Qe4+ Rc6 33. Qd5
Qf5 34. Qxf5 gxf5 35. Nd3 Kb6 36. Kd2 b3 37. Nfe1 Rc4 38. Nc1 Bxb2 39. Nxb3
Rxa4 40. Nc2 Rc4 41. Nbd4 Rc5 42. e4 fxe4 43. Ke3 a4 44. Kxe4 Bxd4 45. Nxd4 a3
46. Nb3 Rb5 47. Na1 Rb1 48. Nc2 a2 49. g4 Rc1 0-1

[Event "Team Russia"]
[Site "Petergof"]
[Date "2015.08.03"]
[Round "3.45"]
[White "Panov, Maksim"]
[Black "Abramov, Nikita"]
[Result "1-0"]
[WhiteElo "2187"]
[BlackElo "2269"]
[PlyCount "129"]
[EventDate "2015.08.??"]
[EventType "team-swiss"]

1. Nf3 c5 2. c4 Nf6 3. Nc3 Nc6 4. g3 d5 5. cxd5 Nxd5 6. Bg2 Nc7 7. O-O g6 8.
Qa4 Bg7 9. Ne4 Ne6 10. Qc4 b6 11. d3 O-O 12. Neg5 Nxg5 13. Nxg5 Bd7 14. Qh4 h6
15. Ne4 e5 16. Bxh6 Qxh4 17. gxh4 Bxh6 18. Nf6+ Kg7 19. Nxd7 Rfc8 20. a4 Bd2
21. Rad1 Bb4 22. f4 exf4 23. Rxf4 Rc7 24. Rdf1 f5 25. Ne5 Nxe5 26. Bxa8 Bd2 27.
h5 Be3+ 28. Kg2 Rc8 29. Bb7 Rb8 30. Bd5 Bxf4 31. Rxf4 Ng4 32. Bb3 g5 33. Rf3 f4
34. h4 Kh6 35. hxg5+ Kxg5 36. Rh3 Re8 37. Kf1 Rh8 38. Bf7 Ne5 39. Bd5 Rxh5 40.
Rxh5+ Kxh5 41. Kf2 Kg5 42. Ke1 Kf6 43. Kd2 Ng4 44. Kc3 Ke5 45. Bf3 Ne3 46. Bh5
a5 47. Bf3 Nf5 48. Kc4 Nd4 49. Bg4 Kd6 50. Bh5 Ke5 51. Bg4 Kf6 52. Kd5 Kg5 53.
Bf3 Kh4 54. Ke5 Kg3 55. Ke4 Nb3 56. Kd5 Nd4 57. Ke4 Nc6 58. Kd5 Nd4 59. Ke4 Nc2
60. Kd5 Nd4 61. Ke4 Nb3 62. Kd5 Kf2 63. Ke4 Nd2+ 64. Kxf4 c4 65. d4 1-0

[Event "Team Russia"]
[Site "Petergof"]
[Date "2015.08.03"]
[Round "3.46"]
[White "Kuzmin, Egor"]
[Black "Radzhabov, Rodion"]
[Result "1-0"]
[WhiteElo "2290"]
[BlackElo "2128"]
[PlyCount "191"]
[EventDate "2015.08.??"]
[EventType "team-swiss"]

1. c4 e5 2. g3 Nf6 3. Bg2 d5 4. cxd5 Nxd5 5. Nc3 Nb6 6. Nf3 Nc6 7. O-O Be7 8.
a3 a5 9. b3 O-O 10. Bb2 Be6 11. Rc1 f6 12. d4 exd4 13. Nb5 d3 14. Nfd4 Nxd4 15.
Nxd4 Bd5 16. e4 Bf7 17. Nf5 Bg6 18. Nxe7+ Qxe7 19. Qxd3 Rfe8 20. Qe3 Rad8 21.
Rfe1 a4 22. e5 Rd3 23. exf6 Rxe3 24. fxe7 R3xe7 25. Rxe7 Rxe7 26. bxa4 Nxa4 27.
Bd4 Rd7 28. Be3 c5 29. Bf1 Bd3 30. Bh3 Re7 31. Bg5 Re5 32. Bf4 Re7 33. Bd6 Re4
34. Bf5 Rd4 35. Be6+ Kh8 36. Bxc5 Nxc5 37. Rxc5 h6 38. Rd5 Rxd5 39. Bxd5 b6 40.
f4 g5 41. fxg5 hxg5 42. Kf2 Kg7 43. Ke3 Bf1 44. Kd4 Kf6 45. Bg8 Bg2 46. Kc4 Bc6
47. Kd4 Bg2 48. Bd5 Bf1 49. Bc6 Ke6 50. Bf3 Bh3 51. Be2 Kd6 52. Ke4 Ke6 53.
Bc4+ Kf6 54. Bg8 Bg2+ 55. Kd4 Bf3 56. Kc4 Bc6 57. Bd5 Ba4 58. Kd4 Be8 59. Bf3
Bf7 60. Be2 Be6 61. g4 Bf7 62. Ke4 Be6 63. Kf3 Ke5 64. Kg3 Bf7 65. Bd3 Kd4 66.
Bf5 Ke3 67. h4 gxh4+ 68. Kxh4 Kf4 69. Bc2 Be8 70. g5 Ke5 71. g6 Kf6 72. Kh5 Kg7
73. Kg5 Bd7 74. Bd3 Be6 75. Bc2 Bd7 76. Kf4 Kf6 77. Ke3 Be6 78. Kd4 Bg8 79. Bd3
Be6 80. Bc4 Bd7 81. Bf7 Bc6 82. Kc4 Ba4 83. Kd5 Kg7 84. Kd6 Kf6 85. Kc7 b5 86.
Kb6 Kg7 87. Ka5 Kf8 88. Kb4 Kg7 89. Be8 Kf6 90. Bf7 Kg7 91. Bb3 Bxb3 92. Kxb3
Kxg6 93. Kb4 Kf7 94. Kxb5 Ke6 95. Kb6 Kd7 96. Kb7 1-0

[Event "Team Russia"]
[Site "Petergof"]
[Date "2015.08.03"]
[Round "3.47"]
[White "Polosin, Evgeni"]
[Black "Kuznetsov, Felix"]
[Result "1-0"]
[WhiteElo "2034"]
[BlackElo "2201"]
[PlyCount "51"]
[EventDate "2015.08.??"]
[EventType "team-swiss"]

1. e4 c5 2. Nf3 Nc6 3. Nc3 d6 4. d4 cxd4 5. Nxd4 Nf6 6. Be2 e5 7. Nxc6 bxc6 8.
O-O Be7 9. f4 exf4 10. Bxf4 Qb6+ 11. Kh1 Qxb2 12. Qe1 Be6 13. Qg3 Rd8 14. Rab1
Qa3 15. Rb7 Kf8 16. Rxe7 Nxe4 17. Nxe4 Qxg3 18. Rxe6 Qa3 19. Bxd6+ Kg8 20. Bxa3
fxe6 21. Bc4 h6 22. Bxe6+ Kh7 23. Bf5+ g6 24. Be6 g5 25. Bf5+ Kg8 26. Bb2 1-0

[Event "Team Russia"]
[Site "Petergof"]
[Date "2015.08.03"]
[Round "3.49"]
[White "Pak, Alexander"]
[Black "Sinyanskiy, Maxim"]
[Result "1-0"]
[WhiteElo "2196"]
[BlackElo "2102"]
[PlyCount "127"]
[EventDate "2015.08.??"]
[EventType "team-swiss"]

1. d4 Nf6 2. Nc3 c5 3. d5 e6 4. e4 d6 5. Nf3 e5 6. Be2 Be7 7. O-O O-O 8. Nd2
Nbd7 9. a4 Ne8 10. Nc4 Nb6 11. Ne3 g6 12. a5 Nd7 13. Nc4 Ng7 14. Nb5 Nf6 15.
Qd3 Nfh5 16. Bh6 a6 17. Nb6 Rb8 18. Nxc8 Rxc8 19. Bxh5 axb5 20. Bg4 c4 21. Qd2
f5 22. Bh3 Ra8 23. Qb4 Qe8 24. f4 exf4 25. exf5 gxf5 26. Rae1 Qd8 27. Qxb5 Rxa5
28. Qxc4 Bg5 29. Bxg5 Qxg5 30. Qxf4 Qxf4 31. Rxf4 Rxd5 32. g3 Rd2 33. Rf2 Rd4
34. c3 Rd5 35. Bg2 Rb5 36. c4 Rb6 37. Bd5+ Kh8 38. Re7 Re8 39. Rxb7 Rxb7 40.
Bxb7 Re5 41. Bd5 Nh5 42. Kf1 Kg7 43. Re2 Kf6 44. Kf2 Rxe2+ 45. Kxe2 Ke5 46. Ke3
f4+ 47. gxf4+ Nxf4 48. Be4 h6 49. b4 Ne6 50. b5 Nc5 51. b6 Na6 52. Bd5 Nb8 53.
b7 Na6 54. h3 Nb8 55. Kd3 Na6 56. Kc3 Kf6 57. Kb3 Ke7 58. Ka4 Nb8 59. Kb5 Kd8
60. Kb6 Nd7+ 61. Kc6 Nb8+ 62. Kxd6 Na6 63. c5 Nxc5 64. b8=Q# 1-0

[Event "Team Russia"]
[Site "Petergof"]
[Date "2015.08.03"]
[Round "3.50"]
[White "Stasenko, Alexey"]
[Black "Yeritsyan, Aram"]
[Result "0-1"]
[WhiteElo "2092"]
[BlackElo "2117"]
[PlyCount "66"]
[EventDate "2015.08.??"]
[EventType "team-swiss"]

1. e4 c5 2. Nf3 e6 3. d3 d6 4. g3 g6 5. Bg2 Bg7 6. O-O Nc6 7. c3 e5 8. Be3 Nge7
9. Qd2 O-O 10. h4 f5 11. Na3 Rb8 12. Bg5 Bf6 13. Bxf6 Rxf6 14. h5 Qf8 15. hxg6
Nxg6 16. exf5 Bxf5 17. Nh2 Qe7 18. Nc4 Rbf8 19. Ne3 Qd7 20. Qe2 Kh8 21. Nxf5
Qxf5 22. Ng4 Re6 23. Bd5 Re7 24. Qe4 Qg5 25. Ne3 Nf4 26. Qc4 Rg7 27. Bg2 Ne2+
28. Kh1 Rf6 29. Ng4 Qxg4 30. Qxg4 Rxg4 31. Kh2 Rh6+ 32. Bh3 Nf4 33. gxf4 Rgh4
0-1

[Event "Team Russia"]
[Site "Petergof"]
[Date "2015.08.03"]
[Round "3.51"]
[White "Arkhipkin, Ilya"]
[Black "Reshetnikov, Ruslan"]
[Result "0-1"]
[WhiteElo "1974"]
[BlackElo "2149"]
[PlyCount "80"]
[EventDate "2015.08.??"]
[EventType "team-swiss"]

1. d4 d6 2. e4 Nf6 3. Nc3 e5 4. Nf3 Nbd7 5. Bc4 Be7 6. O-O O-O 7. Re1 c6 8. a4
a5 9. h3 exd4 10. Nxd4 Nb6 11. Bf1 d5 12. e5 Ne8 13. Bf4 g6 14. Qe2 Ng7 15. Bh6
Bg5 16. Bxg7 Kxg7 17. g3 Be7 18. Kh2 Nd7 19. f4 Nc5 20. Bg2 Ne6 21. Nxe6+ fxe6
22. h4 Bd7 23. Bh3 Bb4 24. Rf1 Qe7 25. Nd1 b5 26. Ne3 bxa4 27. Rxa4 Qd8 28. h5
Qb6 29. Raa1 Bc8 30. Qf3 Bc5 31. Ng2 Qxb2 32. hxg6 hxg6 33. Rac1 Be7 34. g4 a4
35. Qg3 a3 36. f5 Bg5 37. Ra1 a2 38. Nf4 Ra3 39. Qxa3 Qxa3 40. Nxg6 Rf7 0-1

[Event "Team Russia"]
[Site "Petergof"]
[Date "2015.08.03"]
[Round "3.52"]
[White "Shapar, Tatiana"]
[Black "Obolentseva, Alexandra"]
[Result "0-1"]
[WhiteElo "1832"]
[BlackElo "2113"]
[PlyCount "88"]
[EventDate "2015.08.??"]
[EventType "team-swiss"]

1. e4 c5 2. Nf3 d6 3. d4 cxd4 4. Nxd4 Nf6 5. Nc3 a6 6. Bc4 e6 7. Bb3 Nbd7 8. f4
Nc5 9. Qf3 b5 10. f5 b4 11. fxe6 Nxb3 12. Nxb3 bxc3 13. e5 Bxe6 14. exf6 Rc8
15. bxc3 Qxf6 16. Qxf6 gxf6 17. O-O Rxc3 18. Nd4 Be7 19. Bb2 Rc4 20. Rae1 Kd7
21. Nxe6 fxe6 22. Bxf6 Rf8 23. Bxe7 Rxf1+ 24. Rxf1 Kxe7 25. Rf2 e5 26. Kf1 Rh4
27. g3 Ra4 28. c3 Rc4 29. Rc2 d5 30. Ke2 Kd6 31. Kd2 Kc5 32. Rb2 Ra4 33. Kd3 h5
34. h3 h4 35. g4 Rf4 36. Re2 e4+ 37. Kd2 Rf3 38. Re3 Rf1 39. Re1 Rf3 40. Re3
Rf8 41. Re2 Kc4 42. g5 Rf3 43. Re3 Rf5 44. Re2 Rxg5 0-1

[Event "Team Russia"]
[Site "Petergof"]
[Date "2015.08.03"]
[Round "3.53"]
[White "Shnajder, Mark"]
[Black "Shuster, Andrei"]
[Result "1/2-1/2"]
[WhiteElo "2027"]
[BlackElo "2075"]
[PlyCount "81"]
[EventDate "2015.08.??"]
[EventType "team-swiss"]

1. d4 d5 2. c4 c6 3. cxd5 cxd5 4. Nf3 Nf6 5. Nc3 Nc6 6. Bf4 Bf5 7. e3 e6 8. Bb5
Nd7 9. Qa4 Rc8 10. O-O a6 11. Bxc6 Rxc6 12. Rac1 Be7 13. Ne2 Qb6 14. Ne5 Nxe5
15. Bxe5 O-O 16. Rxc6 bxc6 17. Qb3 Qxb3 18. axb3 f6 19. Bg3 g5 20. Rc1 Bd3 21.
Nc3 Kf7 22. f3 Ra8 23. Na4 Bb5 24. Kf2 Ra7 25. Nc5 Bxc5 26. Rxc5 a5 27. Rc1 Rb7
28. Bd6 Ra7 29. Ra1 a4 30. bxa4 Rxa4 31. Rxa4 Bxa4 32. b4 Bb5 33. g3 f5 34. f4
g4 35. Bc5 Ke8 36. Ke1 h5 37. Kd2 Kd7 38. Kc3 Kc8 39. Kb2 Kb7 40. Ka3 Ka6 41.
Kb3 1/2-1/2

[Event "Team Russia"]
[Site "Petergof"]
[Date "2015.08.03"]
[Round "3.54"]
[White "Shugalei, Mikhail"]
[Black "Kolbyshev, Sergei"]
[Result "0-1"]
[WhiteElo "1692"]
[BlackElo "2154"]
[PlyCount "66"]
[EventDate "2015.08.??"]
[EventType "team-swiss"]

1. c4 c5 2. b3 Nf6 3. Bb2 g6 4. e3 Bg7 5. Nf3 O-O 6. Be2 d6 7. O-O Nc6 8. d4
Bf5 9. Nh4 Bd7 10. d5 Nb4 11. a3 Na6 12. Nd2 Rb8 13. e4 e6 14. Re1 exd5 15.
cxd5 Nc7 16. Bf1 Ng4 17. Bxg7 Qxh4 18. Nf3 Qxf2+ 19. Kh1 Kxg7 20. Re2 Bb5 21.
Raa2 Bxe2 22. Rxe2 f6 23. h3 Ne3 24. Rxf2 Nxd1 25. Rd2 Nc3 26. Bd3 Rbe8 27. Rc2
Nxe4 28. Bxe4 Rxe4 29. b4 b6 30. bxc5 bxc5 31. Rb2 Nxd5 32. Rb7+ Rf7 33. Rxf7+
Kxf7 0-1

[Event "Team Russia"]
[Site "Petergof"]
[Date "2015.08.03"]
[Round "3.56"]
[White "Zavgorodniaya, Alena"]
[Black "Miroshnik, Ekaterina"]
[Result "0-1"]
[WhiteElo "1988"]
[BlackElo "1786"]
[PlyCount "80"]
[EventDate "2015.08.??"]
[EventType "team-swiss"]

1. e4 e6 2. d4 d5 3. Nd2 Nf6 4. e5 Nfd7 5. Bd3 c5 6. c3 Nc6 7. Ne2 cxd4 8. cxd4
f6 9. exf6 Nxf6 10. O-O Bd6 11. Nf3 O-O 12. Bf4 Bxf4 13. Nxf4 Qd6 14. g3 Bd7
15. Re1 Kh8 16. Qd2 Rae8 17. Rad1 e5 18. dxe5 Nxe5 19. Nxe5 Rxe5 20. Rxe5 Qxe5
21. Qb4 Re8 22. Qxb7 Bg4 23. Rc1 Qd4 24. Qb5 Bd7 25. Qb3 Ng4 26. Qc2 g5 27. Nh5
Rf8 28. Rf1 Be8 29. Qc7 Bg6 30. Bxg6 hxg6 31. Qc2 gxh5 32. Qg6 Rxf2 33. Qxh5+
Kg7 34. Qxg5+ Kf7 35. Qh5+ Ke7 36. Qh4+ Rf6+ 37. Kh1 Qe4+ 38. Kg1 Qe3+ 39. Kh1
Nf2+ 40. Kg2 Qf3+ 0-1

[Event "Team Russia"]
[Site "Petergof"]
[Date "2015.08.04"]
[Round "4.1"]
[White "Drygalov, Andrey"]
[Black "Oparin, Grigoriy"]
[Result "0-1"]
[WhiteElo "2309"]
[BlackElo "2564"]
[PlyCount "88"]
[EventDate "2015.08.??"]
[EventType "team-swiss"]
[WhiteClock "0:01:27"]
[BlackClock "0:18:25"]

1. e4 c5 2. Nf3 d6 3. d4 cxd4 4. Nxd4 Nf6 5. Nc3 a6 6. Be3 e5 7. Nb3 Be7 8. f3
Be6 9. Qd2 Nbd7 10. O-O-O b5 11. g4 Nb6 12. Qf2 Nfd7 13. Kb1 Rc8 14. Nd5 Bxd5
15. exd5 Nc4 16. c3 Bh4 17. Qg1 Nxe3 18. Qxe3 O-O 19. Bd3 g6 20. f4 Re8 21.
Rhf1 exf4 22. Qxf4 Qf6 23. a4 bxa4 24. Qxa4 Qe7 25. Nd4 Nc5 26. Qc2 Qg5 27. Qg2
Re3 28. Bc2 Rb8 29. Nc6 Rbe8 30. Nd4 Qe7 31. Rf3 Re1 32. Rf1 Rxd1+ 33. Rxd1 Bf6
34. Nc6 Qe3 35. Qd2 Qf3 36. g5 Re2 37. Qc1 Bxg5 38. Qxg5 Rxc2 39. Re1 Rxb2+ 40.
Kxb2 Qf2+ 41. Ka3 Qxe1 42. Qd8+ Kg7 43. Qxd6 Qxc3+ 44. Ka2 Qc2+ 0-1

[Event "Team Russia"]
[Site "Petergof"]
[Date "2015.08.04"]
[Round "4.2"]
[White "Zakhartsov, Vladimir"]
[Black "Drygalov, Sergey"]
[Result "1-0"]
[WhiteElo "2453"]
[BlackElo "2362"]
[PlyCount "87"]
[EventDate "2015.08.??"]
[EventType "team-swiss"]
[WhiteClock "0:50:53"]
[BlackClock "0:01:38"]

1. e4 c5 2. Nf3 e6 3. g3 Nc6 4. Bg2 Nf6 5. d3 d5 6. Nbd2 Be7 7. O-O O-O 8. e5
Nd7 9. Re1 Rb8 10. Nf1 b5 11. h4 a5 12. N1h2 b4 13. Bf4 a4 14. a3 bxa3 15. bxa3
Ba6 16. h5 c4 17. h6 g6 18. d4 c3 19. Re3 Na5 20. Rxc3 Nc4 21. Bf1 Nb2 22. Qc1
Bxf1 23. Kxf1 Nc4 24. Ng4 Rc8 25. Kg2 f5 26. exf6 Nxf6 27. Nxf6+ Bxf6 28. Bg5
Rc7 29. Bxf6 Rxf6 30. Ng5 Qc8 31. Rf3 Rxf3 32. Nxf3 Qf8 33. Qe1 Qf5 34. Rb1 Rc8
35. Ne5 Nd6 36. Rb6 Ne4 37. Rb7 Rf8 38. f4 g5 39. Rg7+ Kh8 40. Qb4 Nd6 41. Qxd6
Qxc2+ 42. Kh3 g4+ 43. Nxg4 Qf5 44. Qe5 1-0

[Event "Team Russia"]
[Site "Petergof"]
[Date "2015.08.04"]
[Round "4.3"]
[White "Salemgareev, Tagir"]
[Black "Vavulin, Maksim"]
[Result "0-1"]
[WhiteElo "2050"]
[BlackElo "2435"]
[PlyCount "123"]
[EventDate "2015.08.??"]
[EventType "team-swiss"]
[WhiteClock "0:01:34"]
[BlackClock "0:01:36"]

1. d4 g6 2. c4 Bg7 3. Nc3 c5 4. d5 Bxc3+ 5. bxc3 f5 6. Nf3 d6 7. g3 Qa5 8. Qb3
Nd7 9. Bg2 Nb6 10. O-O Bd7 11. Nd2 Nf6 12. Re1 O-O 13. e4 Ba4 14. Qb2 fxe4 15.
Nxe4 Nxc4 16. Qxb7 Nxe4 17. Bxe4 Rfe8 18. Qb1 Qxc3 19. Bg5 Rab8 20. Qc1 Qxc1
21. Raxc1 Ne5 22. f4 Nd7 23. Bg2 Nf6 24. Rc3 Bd7 25. Ra3 Rb7 26. Bxf6 exf6 27.
Rxe8+ Bxe8 28. Ra6 Kf7 29. Rxd6 Rb1+ 30. Kf2 Rb2+ 31. Kg1 Rxa2 32. Rd8 Ke7 33.
Rc8 Ra5 34. Bf1 Bd7 35. Rb8 Kd6 36. Rb7 Ra1 37. Kf2 Ra2+ 38. Ke3 h5 39. Bc4
Ra3+ 40. Kd2 g5 41. fxg5 fxg5 42. Rb8 h4 43. gxh4 gxh4 44. Rd8 Kc7 45. Ra8 a5
46. Ra7+ Kd6 47. Be2 a4 48. h3 Rb3 49. Bd1 Rb4 50. Bf3 Bxh3 51. Ra6+ Ke5 52.
Rh6 Bf5 53. Rc6 Kd4 54. d6 Rb2+ 55. Kc1 Rc2+ 56. Kd1 Rf2 57. Be2 Kd5 58. Ra6
Bd7 59. Ke1 Rf6 60. Kd2 h3 61. Ra7 h2 62. Bf1 0-1

[Event "Team Russia"]
[Site "Petergof"]
[Date "2015.08.04"]
[Round "4.4"]
[White "Kisteneva, Liza"]
[Black "Alekseeva, Irina"]
[Result "1/2-1/2"]
[WhiteElo "2069"]
[BlackElo "2141"]
[PlyCount "80"]
[EventDate "2015.08.??"]
[EventType "team-swiss"]
[WhiteClock "0:07:13"]
[BlackClock "0:23:28"]

1. d4 Nf6 2. Nf3 d5 3. Bg5 Nbd7 4. e3 c5 5. c3 e6 6. Bd3 Be7 7. Nbd2 O-O 8. O-O
c4 9. Bc2 b5 10. e4 dxe4 11. Nxe4 Bb7 12. Nxf6+ Nxf6 13. Bxf6 Bxf6 14. Re1 a5
15. Ne5 Bd5 16. Qe2 Qc7 17. Be4 Bxe5 18. dxe5 Rad8 19. Rad1 Bxe4 20. Qxe4 Qc5
21. g3 h6 22. a3 b4 23. axb4 axb4 24. cxb4 Qxb4 25. Rxd8 Rxd8 26. Rc1 Rc8 27.
Qd4 h5 28. h4 Qb5 29. Qc3 Rb8 30. Qxc4 Qxb2 31. Re1 Qd2 32. Qe2 Qc3 33. Qe3
Qxe3 34. Rxe3 Kh7 35. Kg2 Kg6 36. Re4 Rb7 37. Re2 Kf5 38. Re3 Rd7 39. Kh3 Rc7
40. Kg2 Rd7 1/2-1/2

[Event "Team Russia"]
[Site "Petergof"]
[Date "2015.08.04"]
[Round "4.5"]
[White "Kukhmazov, Arsen"]
[Black "Alekseenko, Kirill"]
[Result "1/2-1/2"]
[WhiteElo "2426"]
[BlackElo "2540"]
[PlyCount "129"]
[EventDate "2015.08.??"]
[EventType "team-swiss"]
[WhiteClock "0:04:41"]
[BlackClock "0:02:06"]

1. d4 Nf6 2. c4 e6 3. Nf3 b6 4. a3 Bb7 5. Nc3 g6 6. e3 Bg7 7. Be2 O-O 8. O-O d5
9. b4 dxc4 10. Bxc4 c5 11. Bb2 cxd4 12. Nxd4 a6 13. Qe2 Nbd7 14. Rfd1 Qe7 15.
Rac1 b5 16. Ba2 Nb6 17. Nb3 Nc4 18. Nc5 Nxb2 19. Qxb2 Bc6 20. Qc2 Nd7 21. Nxd7
Bxd7 22. Ne4 Rfc8 23. Qd3 Rxc1 24. Rxc1 Be8 25. Rc5 Qd8 26. Qb3 a5 27. h3 Qb6
28. Bb1 axb4 29. axb4 Qa6 30. Bd3 Qa1+ 31. Kh2 Bf8 32. Rc3 Be7 33. Qc2 f5 34.
Ng3 Qe1 35. Qc1 Qxc1 36. Rxc1 Ra3 37. Bf1 Rb3 38. Ne2 Bd6+ 39. g3 Rxb4 40. Nd4
Kf7 41. Bg2 Rb2 42. Kg1 e5 43. Bd5+ Kf6 44. Nb3 b4 45. Na5 Rd2 46. Bb3 Rd3 47.
Bg8 Ba4 48. Rb1 Bc2 49. Rb2 Rd1+ 50. Kg2 Bd3 51. h4 e4 52. Nc6 Rc1 53. Nd4 h6
54. Kh2 g5 55. hxg5+ hxg5 56. Bd5 f4 57. Kh3 fxe3 58. fxe3 Rg1 59. Rf2+ Kg6 60.
Bf7+ Kh7 61. Nf5 Rf1 62. Rxf1 Bxf1+ 63. Kg4 Be5 64. Kxg5 Bd3 65. Bb3 1/2-1/2